| 000 | 00504nam a2200169 i 4500 | ||
|---|---|---|---|
| 001 | 26625 | ||
| 003 | ES-MaACL | ||
| 005 | 20250810063023.0 | ||
| 007 | t| | ||
| 008 | 030109s19071913fr ||||1| fre d | ||
| 100 | 1 |
_aAvenel, Georges d', _d1855-1939 _924019 |
|
| 245 | 1 | 3 |
_aLe mécanisme de la vie moderne / _cpar le Vicomte G. d'Avenel. |
| 260 |
_aParís : _bArmand Colin ( _fCoulommiers, Paul Brodard) |
||
| 300 |
_a5 v. ; _c19 cm. |
||
| 852 |
_aES-MaACL _jF-8464-68 |
||
| 999 |
_c26625 _d26625 |
||